000 00825nmm a2200265 a 4500
001 ocm000598259
003 TR-IsHL
005 20201028132145.0
008 131030s2010 tu tur
007 cr cn
020 _a9786054337057
035 _a598259
_b(N$T)
050 0 4 _aGR281.C85
_bI85 2010
090 0 4 _aGR281.C85
_bI85 2010
100 1 _aİşlek, Bekir
245 1 0 _aBir cerene av olmak
_h[electronic resource] /
_cBekir İşlek
260 _aİstanbul :
_bÇatı Kitapları,
_c2010
300 _a272 p.
650 4 _aDil ve Edebiyat
650 4 _aLanguage and Literature
650 0 _aFolklor, Türk
650 0 _aFolklore, Turkey
650 7 _aSOCIAL SCIENCE / Folklore & Mythology
_2bisacsh
856 4 0 _uhttp://search.ebscohost.com/login.aspx?direct=true&scope=site&db=e011xww&AN=598259
999 _c4944
_d4944